Hướng dẫn lập kế hoạch kinh doanh

Gorde:
Xehetasun bibliografikoak
Egile nagusia: Bangs, David H.
Formatua: Liburua
Hizkuntza:Undetermined
Argitaratua: Hà Nội Thống Kê 2004
Gaiak:
Etiketak: Etiketa erantsi
Etiketarik gabe, Izan zaitez lehena erregistro honi etiketa jartzen!
Thư viện lưu trữ: Trung tâm Học liệu Trường Đại học Cần Thơ
LEADER 00552nam a2200193Ia 4500
001 CTU_74247
008 210402s9999 xx 000 0 und d
020 |b 44000 
082 |a 658.401 
082 |b B216 
100 |a Bangs, David H. 
245 0 |a Hướng dẫn lập kế hoạch kinh doanh 
245 0 |c David H. Bangs 
260 |a Hà Nội 
260 |b Thống Kê 
260 |c 2004 
650 |a Industrial management,Management,Planning 
904 |i Năm, QHieu 
980 |a Trung tâm Học liệu Trường Đại học Cần Thơ